Catálogo
 En Linea

Plan estratégico nacional para la repusta nacional a la tuberculosis República Dominicana2015-2020 /. (Registro nro. 19926)

Detalles MARC
000 -CABECERA
campo de control de longitud fija 00604nam a2200157 a 4500
001 - NÚMERO DE CONTROL
campo de control 000020422
005 - FECHA Y HORA DE LA ÚLTIMA TRANSACCIÓN
campo de control 20250611073818.0
008 - DATOS DE LONGITUD FIJA--INFORMACIÓN GENERAL
campo de control de longitud fija 140310s2015 dr 000 0 spa d
040 ## - FUENTE DE LA CATALOGACIÓN
Centro catalogador/agencia de origen DO-SdBNP
Lengua de catalogación spa
Centro/agencia transcriptor BNPHU
245 00 - MENCIÓN DE TÍTULO
Título Plan estratégico nacional para la repusta nacional a la tuberculosis República Dominicana2015-2020 /.
260 ## - PUBLICACIÓN, DISTRIBUCIÓN, ETC.
Lugar de publicación, distribución, etc. [Santo Domingo] :,
Fecha de publicación, distribución, etc. 2015.
300 ## - DESCRIPCIÓN FÍSICA
Extensión 120 p. :
Otras características físicas il., gráfs. ;
Dimensiones 27 cm.
500 ## - NOTA GENERAL
Nota general Vicentenario de salud colectiva
500 ## - NOTA GENERAL
Nota general Programa Nacional de Control de Tuberculosis marzos 2015
710 1# - PUNTO DE ACCESO ADICIONAL--NOMBRE DE ENTIDAD CORPORATIVA
Nombre de entidad corporativa o nombre de jurisdicción como elemento de entrada República Dominicana.
Unidad subordinada Ministerio de Salud Pública
9 (RLIN) 80830
Existencias
Estado de retiro Estado de pérdida Restricciones de uso No para préstamo Código de colección Localización permanente Ubicación/localización actual Ubicación en estantería Fecha de adquisición Número de inventario Total de préstamos Signatura topográfica completa Código de barras Fecha visto por última vez Número de copia Precio válido a partir de Tipo de ítem Koha
        Dominicana de Servicio General General Depósito 02.06.2017 LF1   20422-50 25.06.2020 e. 3 25.06.2020 Libro y Folleto Colección Dominicana de Servicio
      Excluido de préstamo Patrimonio Dominicano Patrimonio Dominicano Patrimonio Dominicano Depósito 23.05.2017 LF1   20422-30 25.06.2020   25.06.2020 Libro y Folleto Colección Patrimonio Dominicano
      Excluido de préstamo Patrimonio Dominicano Patrimonio Dominicano Patrimonio Dominicano Depósito 02.06.2017 LF1   20422-40 25.06.2020 e. 2 25.06.2020 Libro y Folleto Colección Patrimonio Dominicano

Con tecnología Koha